Tratado teórico práctico de derecho usual y práctica forense /

Guardado en:
Autor Principal: Márquez Garabano, Luis D.
Formato: Libro
Publicado: Buenos Aires : Librer¡a del Colegio, 1959
Edición:9a. ed.
Materias:
Etiquetas: Agregar Etiqueta
Sin Etiquetas, Sea el primero en etiquetar este registro!
LEADER 00613nam a22001935a 4500
001 CEM.cems004609
005 20060217000000.0
008 130507s1959##################000#0#####d
003 CEMS
082 0 4 |a 346 
100 1 |a Márquez Garabano, Luis D. 
245 1 0 |a Tratado teórico práctico de derecho usual y práctica forense / 
250 |a 9a. ed. 
260 |a Buenos Aires :  |b Librer¡a del Colegio,  |c 1959 
300 |a 263 p. 
653 |a Derecho civil 
653 |a Derecho usual 
859 |a CEMS  |b BIB. CEMS - 11 de abril  |h 346  |i M348a9  |p 3699.75  |t Ej.1 
859 |a CEMS  |b BIB. CEMS - 11 de abril  |h 346  |i M348a9  |p 3700.75  |t Ej.2